Harry Potter - Hogwarts Professors - Statistics

General Stats
  • This quiz has been taken 550 times
  • The average score is 22 of 28
Answer Stats
Subject Teacher % Correct
Severus Snape
100%
Severus Snape
100%
Charms Filius Flitwick
96%
Gilderoy Lockhart
96%
Minerva McGonagall
96%
Remus Lupin
96%
Rubeus Hagrid
94%
Herbology Pomona Sprout
93%
Alastor Moody
92%
Dolores Umbridge
92%
Defence Against the Dark Arts Quirinus Quirrell
92%
Muggle Studies Quirinus Quirrell
92%
Divination Sybill Trelawney
92%
Flying Rolanda Hooch
90%
Potions Horace Slughorn
89%
History of Magic Cuthbert Binns
80%
Amycus Carrow
79%
Alecto Carrow
77%
Firenze
77%
Charity Burbage
69%
Transfiguration Albus Dumbledore
67%
Wilhelmina Grubbly-Plank
67%
Astronomy Aurora Sinistra
66%
Neville Longbottom
63%
Arithmancy Septima Vector
54%
Care of Magical Creatures Silvanus Kettleburn
47%
Apparition Wilkie Twycross
34%
Study of Ancient Runes Bathsheda Babbling
32%
No matching quizzes found
Score Distribution
Percent of People with Each Score
Percentile by Number Answered
Your Score History
You have not taken this quiz